Seguro de Ingeniería (Record no. 140460)
[ view plain ]
| 000 -LEADER | |
|---|---|
| campo de control de longitud fija | 00829nam a2200241 4500 |
| 001 - NÚMERO DE CONTROL | |
| campo de control | 140460 |
| 003 - IDENTIFICADOR DE NÚMERO DE CONTROL | |
| campo de control | ES-MaACL |
| 005 - FECHA Y HORA DE LA ÚLTIMA TRANSACCIÓN | |
| campo de control | 20250730084012.0 |
| 007 - CAMPO FIJO DE DESCRIPCIÓN FÍSICA--INFORMACIÓN GENERAL | |
| campo de control de longitud fija | t| |
| 008 - DATOS DE LONGITUD FIJA--INFORMACIÓN GENERAL | |
| campo de control de longitud fija | 070214s1979 sp r ||||1| spa d |
| 110 2# - ENTRADA PRINCIPAL--NOMBRE DE ENTIDAD CORPORATIVA | |
| Nombre de entidad corporativa o nombre de jurisdicción como elemento de entrada | Chartered Insurance Institute (London) |
| 9 (RLIN) | 2797 |
| 245 10 - MENCIÓN DEL TÍTULO | |
| Título | Seguro de Ingeniería |
| Resto del título | : curso de seguros del Chartered Insurance Institute / |
| Mención de responsabilidad, etc. | [traducción del inglés, Manuel Vivas Díaz-Berrio]. |
| 250 ## - MENCION DE EDICION | |
| Mención de edición | 2ª ed. |
| 260 ## - PUBLICACIÓN, DISTRIBUCIÓN, ETC. | |
| Lugar de publicación, distribución, etc. | Madrid : |
| Nombre del editor, distribuidor, etc. | Mapfre, |
| Fecha de publicación, distribución, etc. | 1979. |
| 300 ## - DESCRIPCIÓN FÍSICA | |
| Extensión | VIII, 227 p. : |
| Otras características físicas | il. ; |
| Dimensiones | 21 cm. |
| 490 1# - MENCIÓN DE SERIE | |
| Mención de serie | Temas de seguros ; |
| Designación de volumen o secuencia | 12 |
| 700 1# - ENTRADA AGREGADA--NOMBRE PERSONAL | |
| Nombre de persona | Vivas Díaz-Berrio, Manuel. |
| 9 (RLIN) | 115557 |
| 710 2# - ENTRADA AGREGADA--NOMBRE DE ENTIDAD CORPORATIVA | |
| Nombre de entidad corporativa o nombre de jurisdicción como elemento de entrada | Fundación MAPFRE |
| 9 (RLIN) | 4362 |
| 830 0# - PUNTO DE ACCESO ADICIONAL DE SERIE-TÍTULO UNIFORME | |
| Título uniforme | Temas de seguros ; |
| Designación de volumen o secuencia | 12 |
| 9 (RLIN) | 181671 |
| 852 ## - LOCALIZACIÓN | |
| Ubicación | ES-MaACL |
| Número de control de estantería | A-9745 |
| Sublocalización o colección | R.99193 |
| 852 ## - LOCALIZACIÓN | |
| Ubicación | ES-MaACL |
| Número de control de estantería | A-10174 |
| Sublocalización o colección | R.99059 |
| Estatus retirado | Estado de pérdida | Estado de daño | No para préstamo | Biblioteca de origen | Biblioteca actual | Ubicación en estantería | Fecha de adquisición | Fuente de adquisición | Total de préstamos | Signatura topográfica completa | Código de barras | Visto por última vez | Precio de reemplazo | Tipo de ítem Koha |
|---|---|---|---|---|---|---|---|---|---|---|---|---|---|---|
| Biblioteca del Ateneo de Madrid | Biblioteca del Ateneo de Madrid | Depósito 1 | 17/01/2008 | A-10174 | 1146168 | 23/02/2023 | 23/02/2023 | Libro impreso | ||||||
| Biblioteca del Ateneo de Madrid | Biblioteca del Ateneo de Madrid | Depósito 1 | 17/01/2008 | A-9745 | 1146167 | 23/02/2023 | 23/02/2023 | Libro impreso |
